El Evangelio comentado desde el estudio de Radio Nacional (1945-1946) / (Record no. 117878)

MARC details
000 -LEADER
campo de control de longitud fija 00510nam a2200157 4500
001 - NÚMERO DE CONTROL
campo de control 117878
003 - IDENTIFICADOR DE NÚMERO DE CONTROL
campo de control ES-MaACL
007 - CAMPO FIJO DE DESCRIPCIÓN FÍSICA--INFORMACIÓN GENERAL
campo de control de longitud fija t|
008 - DATOS DE LONGITUD FIJA--INFORMACIÓN GENERAL
campo de control de longitud fija 070214s1946 sp r ||||1| spa d
100 1# - ENTRADA PRINCIPAL--NOMBRE DE PERSONA
Nombre de persona Peiró, Francisco Xavier,
Fechas asociadas al nombre 1883-1969
9 (RLIN) 90003
245 13 - MENCIÓN DEL TÍTULO
Título El Evangelio comentado desde el estudio de Radio Nacional (1945-1946) /
Mención de responsabilidad, etc. Francisco Xavier Peiro.
260 ## - PUBLICACIÓN, DISTRIBUCIÓN, ETC.
Lugar de publicación, distribución, etc. Madrid :
Nombre del editor, distribuidor, etc. Editora Nacional,
Fecha de publicación, distribución, etc. 1946.
300 ## - DESCRIPCIÓN FÍSICA
Extensión 336 p. ;
Dimensiones 21 cm.
852 ## - LOCALIZACIÓN
Ubicación ES-MaACL
Número de control de estantería E-1841
Sublocalización o colección R.22757
Holdings
Estatus retirado Estado de pérdida Estado de daño No para préstamo Biblioteca de origen Biblioteca actual Ubicación en estantería Fecha de adquisición Fuente de adquisición Total de préstamos Signatura topográfica completa Código de barras Visto por última vez Precio de reemplazo Tipo de ítem Koha
        Biblioteca del Ateneo de Madrid Biblioteca del Ateneo de Madrid Depósito 2 17/01/2008     E-1841 1122890 23/02/2023 23/02/2023 Libro impreso